Bài tập và bài giải tham khảo SQL server 7.0
Nội dung mô tả bài toán, các thực thể ERD, kiểu dữ liệu của các table. Các đối tượng cần tạo, stored procedureds với tham số vào, stored procedureds với tham số vào và ra...
Na minha lista:
| Autor principal: | |
|---|---|
| Formato: | Livro |
| Idioma: | Undetermined |
| Publicado em: |
Thành phố Hồ Chí Minh
Thanh niên
2003
|
| Assuntos: | |
| Tags: |
Adicionar Tag
Sem tags, seja o primeiro a adicionar uma tag!
|
| Thư viện lưu trữ: | Trung tâm Học liệu Trường Đại học Cần Thơ |
|---|
| LEADER | 00874nam a2200205Ia 4500 | ||
|---|---|---|---|
| 001 | CTU_59992 | ||
| 008 | 210402s9999 xx 000 0 und d | ||
| 020 | |b 27000 | ||
| 082 | |a 005.7585 | ||
| 082 | |b A107 | ||
| 100 | |a Nguyễn, Gia Tuấn Anh | ||
| 245 | 0 | |a Bài tập và bài giải tham khảo SQL server 7.0 | |
| 245 | 0 | |c Nguyễn Gia Tuấn Anh, Trương Châu Long | |
| 260 | |a Thành phố Hồ Chí Minh | ||
| 260 | |b Thanh niên | ||
| 260 | |c 2003 | ||
| 520 | |a Nội dung mô tả bài toán, các thực thể ERD, kiểu dữ liệu của các table. Các đối tượng cần tạo, stored procedureds với tham số vào, stored procedureds với tham số vào và ra... | ||
| 650 | |a SQL server,Máy chủ SQL | ||
| 904 | |i Minh | ||
| 980 | |a Trung tâm Học liệu Trường Đại học Cần Thơ | ||